Gentilicios de capitales de provincia (España) - Estadísticas

Estadísticas generales
  • Esta prueba ha sido intentada 2.738 veces
  • La puntuación promedio es 28 de 52
Estadísticas de respuestas
Capital Gentilicio % Correcto
Córdoba Cordobés
94%
Sevilla Sevillano
94%
Granada Granadino
91%
Málaga Malagueño
91%
Cádiz Gaditano
88%
Almería Almeriense
84%
Barcelona Barcelonés
83%
Madrid Madrileño
82%
Murcia Murciano
77%
León Leonés
76%
Valencia Valenciano
76%
Zaragoza Zaragozano
74%
Segovia Segoviano
72%
Soria Soriano
72%
Zamora Zamorano
72%
Alicante Alicantino
70%
Toledo Toledano
70%
Ávila Abulense
67%
Bilbao Bilbaíno
63%
Cáceres Cacereño
62%
Albacete Albaceteño
60%
Logroño Logroñés
59%
Huelva Onubense
59%
Pamplona Pamplonés
58%
La Coruña Coruñés
57%
Jaén Jiennense
54%
Huesca Oscense
54%
Valladolid Vallisoletano
54%
Vitoria Vitoriano
54%
Salamanca Salmantino
53%
Ceuta Ceutí
51%
Cuenca Conquense
47%
Melilla Melillense
46%
Burgos Burgalés
45%
Santander Santanderino
45%
Lugo Lucense
42%
Palencia Palentino
41%
Lérida Leridano
39%
Pontevedra Pontevedrés
38%
Teruel Turolense
36%
Castellón de la Plana Castellonense
35%
Oviedo Ovetense
34%
Badajoz Pacense
34%
Orense Orensano
33%
Tarragona Tarraconense
32%
San Sebastián Donostiarra
31%
Guadalajara Guadalajareño
30%
Gerona Gerundense
21%
Ciudad Real Ciudadrealeño
18%
Las Palmas de Gran Canaria Palmense
17%
Palma de Mallorca Palmesano
7%
Santa Cruz de Tenerife Santacrucero
7%
No se encontraron pruebas coincidentes
Distribución de puntuación
Porcentaje de gente con cada puntuación
Porcentaje por número respondido
Historial de tus puntuaciones
No has intentado esta prueba.